[Event "V Copa Marcel Duchamp 2022"]
[Site "Montevideo"]
[Date "2022.02.16"]
[Round "6.9"]
[White "Spata, German"]
[Black "Ricardi, Pablo"]
[Result "0-1"]
[WhiteElo "2300"]
[BlackElo "2464"]
[Annotator "TA RC"]
[PlyCount "84"]
[EventDate "2022.02.12"]
[EventCountry "URU"]
[SourceTitle "playchess.com"]
[Source "ChessBase"]
[SourceQuality "1"]

{[%evp 11,84,10,28,25,26,15,5,8,28,19,25,25,23,22,31,7,14,0,0,0,37,25,37,26,46,38,41,0,0,0,0,0,31,13,18,-16,-16,-16,-16,-47,-40,-40,-16,-83,-90,-89,-89,-77,-22,-103,-35,-93,-27,-81,-29,-21,-21,-70,-29,-31,-39,-69,-2,-141,-140,-342,-332,-396,-396,-1454,-1351,-6379,-5908,-4978,-1745]} 1. d4 Nf6 2. c4 e6 3. Nc3 Bb4 4. g3 c5 5. Nf3 O-O 6. Bg2 Ne4 7. Bd2 {E20: Nimzo-Indian: 4 g3 and 4 f3.} Bxc3 8. Bxc3 Nxc3 9. bxc3 {The position is equal.} d6 10. O-O {[#]} Nd7 $146 ({Predecessor:} 10... Nc6 11. Rb1 Qc7 12. Qd3 Rb8 13. Ng5 g6 14. Rfd1 Na5 15. dxc5 dxc5 16. Ne4 b6 17. Qe3 Nxc4 18. Nf6+ Kg7 19. Nh5+ gxh5 {½-½ (19) Kalod,R (2512)-Cifka,S (2342) Havlickuv Brod 2006}) 11. Qd3 Qe7 12. Rfd1 Rd8 13. Rab1 Rb8 14. Qc2 b6 15. Qa4 Bb7 16. dxc5 $1 ({Of course not} 16. Qxa7 Be4 17. Qa3 Bc2 $17) 16... Nxc5 (16... Bxf3 $2 17. cxd6 Qf8 18. Bxf3 $16) 17. Qxa7 Ra8 18. Qxb6 Be4 19. Ra1 (19. Nd4 $14 Ra6 20. Qxa6 $1 Nxa6 21. Bxe4) 19... Rab8 $11 20. Qa5 Ra8 21. Qb6 Bc2 (21... Rab8 $5 22. Qa5 Ra8 23. Qb6 $11) 22. Nd4 Ra6 23. Qb2 (23. Qxa6 $5 Nxa6 24. Nxc2 $11) 23... Bxd1 24. Rxd1 Qc7 {Prevents Nc6.} 25. Nb5 Qa5 {[%mdl 1024] Black has compensation.} 26. Rd2 h6 27. Qb4 (27. e3 $11 {remains equal.}) 27... Qb6 $17 28. Nd4 Rc8 $1 {Prevents Nc6.} 29. h3 Qa7 (29... Qb8 $17 {White must now prevent ...Rb6.} 30. Nb5 Ra4) 30. Kh2 (30. Nb5 $11 {keeps the balance.} Qd7 31. Qb1) 30... g6 ({Don't do} 30... Rxa2 31. Nb5 $1 {[%mdl 512]} Qa6 32. Rxa2 Qxa2 33. Nxd6 $16) (30... Ra4 $17 31. Qb2 Qa6) 31. h4 ({White should play} 31. Qb1 $15) 31... Kg7 ({Don't take} 31... Rxa2 32. Nb5 $1 {[%mdl 512]} Qa6 33. Rxa2 Qxa2 34. Nxd6 $18) (31... Rb8 $17 32. Nb5 Qe7) 32. Qb1 (32. e3 $11) 32... Rb6 (32... Nd7 $17 {Strongly threatening ...Rb8.} 33. e3 Rb8) 33. Nb5 $11 Qe7 34. Qb4 (34. Rd4 $11 {feels stronger.}) 34... Ra6 (34... Rcb8 $15) 35. Qb1 Rb8 $36 {[%cal Bc8b8,Bb8b5,Bb5a5,Ba5a6][%mdl 2080] Black is more active.} 36. e4 Ra4 ({Better is} 36... Rbb6 $15) 37. Bf1 {[#]} (37. Qd1 $1 $11) 37... Nxe4 $1 $17 38. Qxe4 {[#] Now White is beyond hope.} (38. Rb2 $17 {might work better.} Nc5 39. Kg1) 38... Rxb5 $1 $19 {[%mdl 576] Pin} 39. Qc6 (39. Kg2 Rba5) 39... Rba5 40. Rxd6 $2 (40. Kg1) 40... Rxa2 {Black is clearly winning.} 41. Kg1 Qf6 {[%csl LRc3,LRf2]} 42. Qb6 Ra6 {Weighted Error Value: White=0.73/Black=0.19 (very precise)} 0-1

[Event "V Copa Marcel Duchamp 2022"]
[Site "Montevideo"]
[Date "2022.02.16"]
[Round "6.10"]
[White "Roselli Mailhe, Bernardo"]
[Black "Sanhueza, Cristian"]
[Result "1-0"]
[WhiteElo "2426"]
[BlackElo "2242"]
[Annotator "TA"]
[PlyCount "95"]
[EventDate "2022.02.12"]
[EventCountry "URU"]
[SourceTitle "playchess.com"]
[Source "ChessBase"]
[SourceQuality "1"]

{[%evp 18,95,62,42,63,37,32,34,29,36,38,36,36,35,40,33,54,72,44,64,64,67,68,76,87,0,0,-79,-65,-299,-301,-467,-462,-469,-458,-602,-504,-447,-352,-517,-352,-361,-276,-255,-255,-403,-164,-152,-141,-235,335,335,335,335,320,283,727,731,723,631,699,703,792,792,761,731,980,901,971,962,5065,5065,5065,5065,4132,4132,1833,1054,902,878]} 1. d4 Nf6 2. c4 g6 3. Nc3 Bg7 4. e4 d6 5. Nf3 O-O 6. Be2 c5 7. d5 e6 8. O-O exd5 9. exd5 Bg4 10. Bf4 Ne8 {E91: King's Indian: Classical: 6 Be2, unusual replies including 6...c5 and 6...Bg4.} 11. Qd2 {White is more active.} (11. Nd2 $5 {[%cal Re2g4]} Bf5 12. Nde4 $16) 11... Nd7 12. h3 Bxf3 {White is slightly better.} 13. Bxf3 Ne5 14. Be2 f5 15. Be3 Nc7 16. Rae1 Qf6 {[#]} 17. Bg5 $146 ({Predecessor:} 17. f4 Nd7 18. Bd3 Rae8 19. Bf2 Rxe1 20. Rxe1 Qf7 21. a3 Re8 22. b4 Rxe1+ 23. Qxe1 {½-½ (53) Jianu,V (2420)-Navrotescu,C (2390) Tusnad 2004}) 17... Qf7 18. f4 Nd7 19. g4 Rae8 {[%cal Ob7b5]} 20. gxf5 gxf5 {[%cal Bg6f5,Bf5f4][%mdl 32]} 21. Bd3 (21. Kh2 $16) 21... h6 $11 22. Rxe8 (22. Bh4 $11 {keeps the balance.}) 22... Rxe8 $17 23. Qg2 $2 hxg5 $19 24. fxg5 (24. Qxg5 {was necessary.} Qf6 25. Qxf6 Bxf6 26. Kh2) 24... Bxc3 25. bxc3 f4 26. Qc2 Re3 27. Bf5 Qe7 28. h4 (28. Bxd7 $142 Qxd7 29. Rxf4) 28... Kh8 {...Nb6 is the strong threat.} 29. Qf2 Ne5 ({But not} 29... Rxc3 $2 30. Qxf4 Ne5 31. Be4 Rxc4 32. Qf5 $19) 30. Qxf4 Rxc3 31. g6 (31. Be4 $142 Rxc4 32. Qf5) 31... Rxc4 (31... Kg7 $142 32. h5 Rxc4 33. h6+ Kg8) 32. Qh6+ Kg8 33. Be4 {[#]} (33. h5 $17 {was called for.}) 33... Qg7 $4 {[%mdl 8192] [#]} (33... Rxe4 $2 {gets mated.} 34. Rf8+ $3 {[%mdl 512]} Qxf8 35. Qh7#) (33... Nxg6 $1 $19 {avoids the disaster.} 34. Qxg6+ Qg7 35. Qxg7+ Kxg7) 34. Qh7+ $1 $18 Qxh7 35. gxh7+ Kg7 36. Rf8 $1 {[%mdl 64] Deflection, Decoy} Kxf8 $2 (36... Rc1+ $2 37. Kg2 Kxf8 38. h8=Q+ Kf7 39. Qh7+ Kf6 40. Qh6+ Ke7 41. Qg7+ Ke8 42. Qxc7 $18) (36... Ng6 37. Bxg6 Rxh4 38. Rg8+ Kf6) 37. h8=Q+ {White is clearly winning.} Ke7 38. Qh7+ Nf7 39. h5 Ne8 40. Bg6 Rf4 41. Qg8 Nc7 42. Bxf7 Rxf7 {[%mdl 4096] Endgame KQ-KRN} 43. h6 Nxd5 44. h7 Nf6 {[#]} 45. Qxf7+ $1 {[%mdl 576] Promotion} Kxf7 46. h8=Q b5 47. Qb8 {[%csl LRa7,LRb5,LRd6]} Ke6 48. Qxb5 {Weighted Error Value: White=0.50/Black=0.61} 1-0

[Event "V Copa Marcel Duchamp 2022"]
[Site "Montevideo"]
[Date "2022.02.16"]
[Round "6.11"]
[White "Hoffman, Alejandro"]
[Black "Curi, Gabriel"]
[Result "1-0"]
[WhiteElo "2403"]
[BlackElo "2205"]
[Annotator "TA"]
[PlyCount "139"]
[EventDate "2022.02.12"]
[EventCountry "URU"]
[SourceTitle "playchess.com"]
[Source "ChessBase"]
[SourceQuality "1"]

{[%evp 9,139,15,18,12,7,7,23,19,35,24,16,6,24,0,0,-3,25,16,24,17,26,29,31,27,26,0,0,0,24,6,36,29,53,45,85,87,143,145,137,139,127,135,163,158,167,174,194,178,276,220,220,205,234,248,267,261,258,256,336,329,342,308,308,314,419,375,428,350,487,331,340,333,332,335,537,348,919,429,430,430,427,427,512,517,535,535,535,535,607,593,557,545,570,620,541,552,674,659,637,606,615,599,630,576,563,474,714,471,450,421,793,677,686,0,686,562,763,745,1097,1003,940,671,925,884,873,859,6179,6079,29971,29975,29975,29976]} 1. d4 d5 2. c4 c6 3. Nf3 Nf6 4. Nbd2 e6 5. g3 c5 6. cxd5 {D30: Queen's Gambit Declined: Systems without Nc3.} exd5 7. Bg2 Nc6 8. O-O {White has an edge.} Be7 9. dxc5 Bxc5 10. Nb3 Bb6 11. Nbd4 (11. a4 {is more complex.} O-O 12. Bg5 a6 13. a5 Ba7 14. Nfd4) 11... O-O 12. b3 {[#]} Nxd4 $146 ({Predecessor:} 12... Re8 13. Bb2 Bg4 14. h3 Bxf3 15. Bxf3 Ne4 16. Nxc6 bxc6 17. Bd4 Bxd4 18. Qxd4 c5 19. Qd3 Qg5 {½-½ (55) Garcia Fuentes,S (2134)-Sirosh,I (2400) Chess.com INT 2021}) 13. Nxd4 Bg4 14. h3 Bh5 15. Bb2 Re8 16. Bf3 Bg6 17. Kg2 Qd7 18. Rc1 Ne4 19. h4 h6 20. e3 Nf6 21. Ne2 {aiming for Nf4.} Be4 22. Nf4 {Black is on the road to losing.} Rad8 (22... d4 $142) 23. Bxf6 $16 gxf6 24. Bxe4 Rxe4 25. Qf3 {[#] Nh5 is the strong threat.} Qf5 26. Rfd1 d4 27. Rc4 Rd6 28. Ne2 Qe6 (28... Qxf3+ {was necessary.} 29. Kxf3 Re5) 29. Nxd4 Bxd4 30. Rcxd4 ({Don't do} 30. Rdxd4 Rdxd4 31. Rxd4 Rxd4 32. exd4 Qd6) 30... Rdxd4 31. Rxd4 $18 {[%mdl 4096] Endgame KQR-KQR} ({Much less strong is} 31. exd4 $6 Qd5 $16) 31... f5 32. Rd8+ Kg7 33. Qd1 a5 34. Rd6 Qe7 35. Rd5 {[%csl LRa5,LRf5]} a4 36. bxa4 Kg6 37. Rd6+ Re6 38. Rd7 Qb4 39. Rd4 Qc5 40. Qb3 b6 41. Qc4 Qa3 $2 (41... Kg7 {was worth a try.} 42. Rf4 Rf6) 42. Rd8 {And now Qd4 would win.} Qb2 (42... Qc5 43. Qd4 Qxd4 44. Rxd4 h5) 43. Qd4 (43. h5+ $142 Kh7 44. Rb8) 43... Qxd4 44. Rxd4 {KR-KR} (44. exd4 h5 45. Rd5 Re4 46. Rd6+ f6 $18) 44... Rc6 45. Rb4 f6 46. Kf3 Rc2 47. Rxb6 Rxa2 48. Rb4 h5 49. Rf4 Rb2 50. Kg2 Rb1 51. e4 fxe4 52. Rxe4 Kf5 53. Rc4 Ra1 54. Rf4+ Kg6 55. Kf3 Re1 56. Re4 Ra1 57. Rd4 Re1 (57... Ra2 $142 58. Rc4 Kg7) 58. Kf4 Re2 59. f3 {[%cal Bf2f3,Bf3g4,Bg4f5][%mdl 32]} Re1 (59... Re5 $142 60. Rb4 Ra5) 60. Rd7 Ra1 61. Rd4 Re1 $1 62. Rb4 Rg1 63. g4 hxg4 64. fxg4 Rf1+ 65. Ke4 Rh1 66. h5+ Kg5 67. Kd5 {Black must now prevent Kc6.} f5 {[#]} 68. gxf5 $1 ({Not} 68. a5 fxg4 69. Kc6 g3 $11) 68... Rxh5 69. a5 {[%cal Ba4a5,Ba5a6][%mdl 32]} Kxf5 70. a6 {Weighted Error Value: White=0.25 (precise) /Black=0.31} 1-0

[Event "V Copa Marcel Duchamp 2022"]
[Site "Montevideo"]
[Date "2022.02.16"]
[Round "6.12"]
[White "Brizzi, Milagros Tatiana"]
[Black "Labollita, Martin"]
[Result "0-1"]
[WhiteElo "2063"]
[BlackElo "2388"]
[Annotator "TA"]
[PlyCount "70"]
[EventDate "2022.02.12"]
[EventCountry "URU"]
[SourceTitle "playchess.com"]
[Source "ChessBase"]
[SourceQuality "1"]

{[%evp 16,70,14,21,20,6,37,29,33,35,37,28,59,1,36,-16,11,0,0,-94,-95,-105,-47,-45,-52,-89,-96,-95,-84,-171,-168,-162,-167,-154,-47,-114,-106,-117,-23,-108,-97,-93,-101,-109,-95,-85,-98,-23,-111,-154,-130,-423,-430,-430,-430,-406,-414]} 1. e4 e6 2. d4 d5 3. Nc3 Nf6 4. e5 Nfd7 5. f4 c5 6. Nf3 {[%cal Bg1f3,Bf3d4,Bd4b3][%mdl 32]} Nc6 7. Be3 Be7 8. Qd2 O-O 9. dxc5 Qa5 {C11: French: Classical System: 4 e5 and 4 Bg5 dxe4.} 10. Nd4 Bxc5 11. Nb3 Bxe3 {White has an edge.} 12. Qxe3 Qb6 13. Qxb6 axb6 {[#]} 14. Bd3 $146 (14. a3 $14) ({Predecessor:} 14. O-O-O f6 15. exf6 Nxf6 16. g3 Ng4 17. Rd2 e5 18. Nxd5 exf4 19. Nxb6 Bf5 20. Bc4+ {1-0 (30) Palac,M (2551)-Valmana Canto,J (2406) Vienna 2019}) 14... Nc5 (14... g5 $5) 15. O-O (15. Bb5 $14) 15... Bd7 16. Rfd1 g5 17. g3 (17. fxg5 $11 Nxe5 18. Be2) 17... gxf4 $17 18. gxf4 Na4 ({Black should try} 18... f6 $17 19. exf6 Rxf6) 19. Rab1 $15 f6 20. Re1 fxe5 21. fxe5 Nc5 (21... Nxc3 $6 22. bxc3 Ra4 23. h3 $15) 22. a3 (22. Bb5 $17) 22... Nxb3 $19 23. cxb3 Nd4 24. Re3 Bc6 (24... Nxb3 25. Bb5 Bxb5 26. Nxb5 $17) (24... Rf3 $17 25. Rbe1 Raf8) 25. Rg3+ ({Better is} 25. Rf1 $1 $15) 25... Kh8 $17 26. Rf1 {To avoid Nf3+} Nxb3 (26... Rxf1+ $17 27. Kxf1 Rf8+ 28. Kg2 Nf5) 27. Rh3 (27. Ne2 $1 $11) 27... Rg8+ 28. Kf2 {[%csl Gd3][%cal Rh3h7]} Raf8+ 29. Ke1 {[%csl Gd3][%cal Rh3h7]} Rxf1+ 30. Kxf1 {[%csl Gd3][%cal Rh3h7]} Rg5 {White must now prevent ...d4.} 31. Rxh7+ Kg8 32. Rh4 {[#]} (32. Rc7 $142) 32... d4 $1 {Strongly threatening ...Nd2+.} ({Inferior is} 32... Rxe5 33. Kf2 $17) 33. Nb5 $2 {[%mdl 8192] [#]} (33. Ne4 $17 Rf5+ 34. Nf2 Rxe5 35. Ng4) 33... Nd2+ $1 $19 34. Ke2 Rg2+ ({Not} 34... Bxb5 35. Bxb5 Rg2+ 36. Kd1 $11) 35. Kd1 Nf3 $1 {[%csl LRb2,LRe5,LRh2,LRh4] Weighted Error Value: White=0.43/Black=0.17 (very precise)} 0-1

[Event "V Copa Marcel Duchamp 2022"]
[Site "Montevideo"]
[Date "2022.02.16"]
[Round "6.13"]
[White "Dotta, Gian Franco"]
[Black "Lujan, Carolina"]
[Result "0-1"]
[WhiteElo "1991"]
[BlackElo "2334"]
[Annotator "ChessBase"]
[PlyCount "62"]
[EventDate "2022.02.12"]
[EventCountry "URU"]
[SourceTitle "playchess.com"]
[Source "ChessBase"]
[SourceQuality "1"]
[TimeControl "5400+30"]

1. d4 {[%emt 0:03:30]} Nf6 {[%emt 0:01:14]} 2. c4 {[%emt 0:00:06]} g6 {[%emt 0:00:15]} 3. g3 {[%emt 0:00:10]} Bg7 {[%emt 0:00:11]} 4. Bg2 {[%emt 0:00:13]} d5 {[%emt 0:00:31]} 5. cxd5 {[%emt 0:00:42]} Nxd5 {[%emt 0:00:09]} 6. Nf3 {[%emt 0:00:41]} O-O {[%emt 0:01:19]} 7. O-O {[%emt 0:00:15]} Nb6 {[%emt 0:01:49]} 8. Nc3 {[%emt 0:00:41]} Nc6 {[%emt 0:01:37]} 9. e3 {[%emt 0:00:23]} a5 {[%emt 0:01:37]} 10. b3 {[%emt 0:03:00]} Re8 {[%emt 0:17:20]} 11. Bb2 {[%emt 0:02:37]} Bd7 {[%emt 0:05:26]} 12. h3 {[%emt 0:11:45]} Qc8 {[%emt 0:11:33]} 13. Kh2 {[%emt 0:00:08]} a4 {[%emt 0:07:04]} 14. Nxa4 {[%emt 0:12:24]} Nxa4 {[%emt 0:00:06]} 15. bxa4 {[%emt 0:00:08]} Ra5 {[%emt 0:01:56]} 16. Bc3 {[%emt 0:14:40]} Rh5 {[%emt 0:02:58]} 17. h4 {[%emt 0:03:36]} Bg4 {[%emt 0:01:47]} 18. Qb3 {[%emt 0:04:02]} Be6 {[%emt 0:13:58]} 19. Qb2 {[%emt 0:06:38]} Bd5 {[%emt 0:05:02]} 20. Bh3 {[%emt 0:04:34]} Qa8 {[%emt 0:04:24]} 21. Nd2 {[%emt 0:02:42]} e5 {[%emt 0:05:09]} 22. dxe5 {[%emt 0:16:55]} Nxe5 {[%emt 0:03:37]} 23. e4 {[%emt 0:02:10]} Bc4 {[%emt 0:03:36]} 24. Nxc4 {[%emt 0:02:26]} Nxc4 {[%emt 0:00:13]} 25. Qb4 {[%emt 0:00:54]} Bxc3 {[%emt 0:01:38]} 26. Qxc3 {[%emt 0:00:02]} Qxa4 {[%emt 0:01:16]} 27. Rfd1 {[%emt 0:03:08]} Nd6 {[%emt 0:05:45]} 28. Qxc7 {[%emt 0:01:44]} Nxe4 {[%emt 0:00:25]} 29. Bd7 {[%emt 0:00:30]} Qa7 {[%emt 0:00:17]} 30. Bxe8 {[%emt 0:04:10]} Qxf2+ {[%emt 0:00:20]} 31. Kh3 {[%emt 0:00:05]} Ng5+ {[%emt 0:00:22]} 0-1

[Event "V Copa Marcel Duchamp 2022"]
[Site "Montevideo"]
[Date "2022.02.16"]
[Round "6.14"]
[White "Michailov, Matias"]
[Black "Meza, Anahi"]
[Result "1-0"]
[WhiteElo "2248"]
[BlackElo "1996"]
[Annotator "TA"]
[PlyCount "109"]
[EventDate "2022.02.12"]
[EventCountry "URU"]
[SourceTitle "playchess.com"]
[Source "ChessBase"]
[SourceQuality "1"]

{[%evp 24,109,23,20,55,51,54,36,104,96,93,94,104,127,98,78,77,78,71,71,70,12,8,26,7,21,23,5,89,0,0,0,0,0,41,53,125,112,335,316,293,289,452,197,339,329,494,497,478,477,500,496,551,482,572,502,766,697,663,656,1606,795,997,983,2904,2572,29988,29989,29990,29991,29991,29989,29989,29989,29990,29989,29989,0,0,0,29989,29990,29990,29991,29993,29994,29994,29995]} 1. d4 Nf6 2. Nf3 g6 3. c4 Bg7 4. Nc3 O-O 5. e4 d6 6. Be2 e5 7. d5 a5 8. Bg5 h6 9. Bh4 Na6 10. Nd2 Bd7 11. O-O Qe8 12. b3 Nh7 13. a3 b6 {E92: King's Indian: Classical: 6 Be2 e5: 7 dxe5, 7 Be3 and Petrosian System without 7...Nbd7.} 14. Rb1 f5 15. f3 $1 f4 (15... Nf6 $14) 16. b4 axb4 17. axb4 h5 18. Bf2 g5 19. c5 bxc5 20. bxc5 Nxc5 21. Bxc5 dxc5 {[#]} 22. Rb7 $146 (22. Nb5 $14 Qd8 23. Nb3) ({Predecessor:} 22. d6 cxd6 23. Nc4 Rd8 24. Nxd6 Qg6 25. Nb7 g4 26. Nxd8 Rxd8 27. Qd5+ Kh8 28. Rb7 {1-0 (34) Kraai,J (2345)-Gross,D (2305) Germany 1998}) 22... Qc8 $11 23. Qb3 Kh8 $1 24. Nc4 $36 {[%mdl 2048] White has some pressure.} g4 25. d6 $1 Qd8 (25... gxf3 $11 26. Bxf3 (26. gxf3 $2 Bh3 $19) 26... cxd6) 26. fxg4 (26. dxc7 $6 Qh4 27. fxg4 hxg4 $11) (26. Nd5 $1 $16) 26... hxg4 {[%cal Of4f3] aiming for ...f3!} 27. Nd5 (27. Rxc7 f3 28. gxf3 gxf3 29. Rxf3 (29. Bxf3 $2 Bh3 $19) 29... Rxf3 30. Bxf3 Ra1+ 31. Nd1 Be6 $17) 27... Qh4 28. g3 (28. Nxc7 $2 g3 29. hxg3 fxg3 30. Qxg3 Qxg3 $19) 28... Qh6 (28... Qh3 $11 29. gxf4 g3 30. Qxg3 exf4 31. Nxf4 Rxf4 32. Qxf4 (32. Qxh3 $2 Bxh3 33. Rxf4 Bd4+ 34. Kh1 Ra1+ 35. Rf1 Bxf1 $19) 32... Rf8) 29. dxc7 $14 (29. Rxc7 Ba4 30. Qb2 Rab8 $15) 29... f3 {[#]} ({Black should try} 29... Ng5 $1 $14) 30. Bd3 $1 $16 {And now Ndb6 would win.} f2+ $2 (30... Ng5 $16) 31. Kh1 $18 {Hoping for Rb8.} Ng5 {Strongly threatening ...Nf3.} 32. Qb2 {Dancing on a razor blade.} Qh3 (32... Qh7 {is a better defense.} 33. Nd6 (33. Rxf2 Rxf2 34. Qxf2 Bc8 $11) 33... c4) 33. Qe2 {Active counter play!} ({Weaker is} 33. Ne7 {[#]} Nxe4 $1 {[%mdl 512]} 34. Ng6+ Kg8 35. Ne7+ Kh8 36. Ng6+ Kh7 37. Nxf8+ Kg8 38. Rxf2 Nxf2+ 39. Kg1 Rxf8 $11) (33. Nxe5 $142 c4 34. c8=Q (34. Bxc4 Qh7 $17) 34... Raxc8 35. Rxd7 (35. Ng6+ Kg8 $18)) 33... Nf3 (33... Ra1 {was worth a try.} 34. Rbb1 (34. Rxa1 Nxe4) 34... Rxb1 35. Bxb1 Rf3 36. Rxf2 Rxg3) 34. Rxf2 ({Much less strong is} 34. Qxf2 Ng5 $18) 34... Nd4 (34... Bc8 {was necessary.}) 35. Rxf8+ Rxf8 36. Qg2 Qh6 37. Rb8 Bc8 38. Nce3 {Pair of Knights!} Qc6 39. Qa2 {Black must now prevent Nf5.} Nf3 (39... Kh7 $142 40. Rxc8 Rxc8) 40. Rb6 Qe8 41. Ba6 Bxa6 42. Rxa6 (42. Qxa6 $142 Qh5 43. Rb2) 42... Nd4 43. Rb6 Nc6 44. Qe2 Qa8 45. Qxg4 Qa1+ 46. Kg2 Qa4 47. Qh3+ Kg8 48. Qe6+ Kh8 49. Rxc6 Qxe4+ 50. Kg1 Qb1+ 51. Kg2 {[%cal Bg1g2,Bg2h3,Bh3g4,Bg4g5][%mdl 32]} Qe4+ 52. Kh3 {White mates.} Qh7+ 53. Kg4 Qxh2 54. c8=Q Qe2+ 55. Kg5 {Weighted Error Value: White=0.33/Black=0.57} 1-0

[Event "V Copa Marcel Duchamp 2022"]
[Site "Montevideo"]
[Date "2022.02.16"]
[Round "6.15"]
[White "Tristan, Leonardo"]
[Black "Rodriguez Farias, Eduardo"]
[Result "1-0"]
[WhiteElo "2561"]
[BlackElo "1931"]
[Annotator "TA"]
[PlyCount "49"]
[EventDate "2022.02.12"]
[EventCountry "URU"]
[SourceTitle "playchess.com"]
[Source "ChessBase"]
[SourceQuality "1"]

{[%evp 9,49,3,17,-3,22,45,33,5,91,79,129,100,100,108,102,105,101,60,53,54,55,38,87,100,89,84,323,225,319,310,331,305,372,363,982,965,1377,1347,1294,902,902,897]} 1. e4 c5 2. Nc3 a6 3. d4 cxd4 4. Qxd4 Nc6 5. Qe3 g6 6. Bd2 {[#] B23: Closed Sicilian: Lines without g3.} Bh6 $146 ({Predecessor:} 6... Bg7 7. O-O-O d6 8. Nd5 Nf6 9. Bc3 O-O 10. Nxf6+ Bxf6 11. Bxf6 exf6 12. Bc4 Ne5 {1-0 (32) Shimanov,A (2593)-Kornev,A (2515) Sochi 2020}) 7. f4 Nf6 8. e5 {White is slightly better.} Ng4 (8... Nh5 $1 $11 {remains equal.}) 9. Qg3 d6 (9... d5 $142) 10. h3 Ngxe5 11. fxe5 Bxd2+ 12. Kxd2 {aiming for exd6.} dxe5+ {[#]} 13. Bd3 (13. Kc1 $1 $16) 13... f5 $1 $14 14. Kc1 Be6 {Inhibits Bc4.} 15. Nf3 Qd6 (15... e4 $14) 16. Rd1 $16 Qc5 17. Re1 {[%cal Rf3e5]} f4 $2 {This move loses the game for Black.} (17... e4 $16) 18. Ne4 Qa5 (18... Qxc2+ {was worth a try.} 19. Bxc2 fxg3 20. Nxg3 Bd5) 19. Qf2 $18 Rc8 20. Qc5 b5 {Strongly threatening ...Nb4.} 21. a3 {Prevents Nb4. Neg5 is the strong threat.} Nd4 $2 (21... O-O 22. Neg5 Bf5 23. Qd5+ Kh8) 22. Qxe5 {White is clearly winning.} Nxf3 {[#]} 23. Nd6+ $1 {[%mdl 512]} Kf8 (23... Kd8 24. Nb7+) 24. Qxh8+ Bg8 {[#]} 25. b4 $1 {[%mdl 512] Weighted Error Value: White=0.19 (very precise) /Black=0.57} 1-0

[Event "V Copa Marcel Duchamp 2022"]
[Site "Montevideo"]
[Date "2022.02.16"]
[Round "6.16"]
[White "Araque, Jairo"]
[Black "Miranda, Rafael"]
[Result "1-0"]
[WhiteElo "1970"]
[BlackElo "2264"]
[Annotator "TA"]
[PlyCount "103"]
[EventDate "2022.02.12"]
[EventCountry "URU"]
[SourceTitle "playchess.com"]
[Source "ChessBase"]
[SourceQuality "1"]

{[%evp 17,103,0,0,0,0,0,0,-26,0,9,18,-7,32,14,67,45,43,44,73,35,26,-41,-41,-40,-44,-83,-83,-70,-72,-84,-85,-90,-102,-156,-154,-129,-143,-347,-285,-310,-131,-142,-168,-220,-209,-416,-166,-204,0,-302,-75,-61,0,-320,-283,-276,-252,-222,97,-130,-72,-66,-25,-39,-47,-37,-36,-18,0,-8,0,-93,252,199,269,256,231,202,149,160,295,300,589,528,1119,1137,29989,29990]} 1. d4 Nf6 2. Bf4 g6 3. e3 Bg7 4. Nf3 O-O 5. Nbd2 d6 6. h3 Nbd7 7. c3 b6 8. Bc4 Bb7 9. O-O Qe8 {9...Qe8 is better than 9...c5.} 10. Bh2 {A48: 1 d4 Nf6 2 Nf3 g6: Torre, London and Colle Systems.} e5 11. a4 a6 12. b4 {The position is equal.} Qe7 (12... e4 $5 {[%cal Re4f3]} 13. Nh4 Qe7 $15) 13. Qb3 {[#]} c6 $146 ({Predecessor:} 13... h6 14. Rfd1 Kh7 15. Bf1 e4 16. Ne1 Nh5 17. c4 f5 18. c5 f4 19. Rac1 fxe3 20. Qxe3 {1-0 (31) Renner,C (2325)-Bogosavljevic,B (2518) Germany 2020}) 14. Rac1 Rab8 15. Rfd1 Rbc8 ({Black should try} 15... e4 $11 16. Ne1 (16. Ng5 d5 $15) 16... b5) 16. Bf1 e4 17. Ne1 Ne8 18. a5 b5 $1 19. Rc2 (19. c4 $1 $11) 19... d5 $15 20. Be2 f5 21. Nf1 Nc7 22. Qb2 Ne6 23. Nd2 Bh6 24. g3 {Prevents f4.} g5 25. Ng2 ({White should play} 25. f4) 25... f4 $1 $17 26. exf4 gxf4 27. Bg4 (27. gxf4 $17 Bxf4 28. Nf1) 27... Nf6 $1 $19 28. Bf5 fxg3 (28... Rce8 $19 {and Black stays clearly on top. And now ...Ng7 would win.} 29. Re1 (29. gxf4 $2 Nh5 $19) (29. Nxf4 $2 Nxf4 30. gxf4 Nh5 $19) 29... Ng7) 29. fxg3 $17 Rce8 30. Nb3 (30. Nf1 $142) 30... Ng7 31. Rf1 (31. g4) 31... Nfh5 $2 (31... Nxf5 32. Rxf5 Bc8) 32. Bg4 Nf6 $2 (32... Rxf1+ $19 33. Kxf1 Nf6) 33. Bd1 $2 {[%mdl 8192]} (33. Bf5 $11) 33... Ne6 $2 (33... Bc8 $19 34. g4 e3) 34. Nh4 {aiming for Nf5.} Ng7 {[%mdl 8192]} (34... Be3+ $15 35. Kh1 Ng7) 35. Ng2 $1 $19 Bc8 36. g4 Ne6 {White must now prevent ...Ng5.} 37. h4 Nd7 $2 (37... e3 $1 $19 {Strongly threatening ...Ne4.} 38. g5 Nxg5 39. hxg5 Bxg5) 38. Nc5 (38. Rcf2 $16 {and life is bright.}) 38... Ndxc5 $17 ({Worse is} 38... Rxf1+ 39. Kxf1 Rf8+ 40. Rf2 $15) 39. bxc5 Bg7 (39... Rxf1+ $15 {was preferrable.} 40. Kxf1 e3) 40. Bd6 Rxf1+ 41. Kxf1 Qd8 42. g5 Qxa5 {[%cal Ob5b4] Threatening ...b4!} 43. Bh5 $1 {[%cal Bd1h5,Bh5e2,Be2g4,Bg4f5][%mdl 32]} Rd8 {[%cal Ob5b4]} 44. Rf2 {[#]} (44. Ne3 $11 {remains equal.}) 44... Kh8 $2 {[%mdl 8192] [#]} (44... b4 $1 $17 {[%cal Rb4c3] keeps the pressure on.} 45. cxb4 Qb5+ 46. Be2 Qb7) 45. Ne3 $1 $18 {[%cal Bg2e3,Be3f5,Bf5h6][%mdl 32]} b4 (45... Nxd4 {might work better.} 46. cxd4 Bh3+ 47. Ng2 (47. Ke2 b4 $16) 47... b4) 46. cxb4 Qb5+ 47. Be2 Qb7 48. Nf5 {Threatens to win with Qc3. White is much more active.} Qd7 (48... a5 $16) 49. Bg4 Nxd4 $2 (49... Qb7 50. Nh6 Qb5+ 51. Be2 Qb7) 50. Nh6 Qe8 51. Rf7 {[%cal Of7g7] Intending Rxg7! and mate.} (51. Nf7+ Kg8 52. Nh6+ Kh8) 51... Nf5 52. Bxf5 {Never resign too early!  Weighted Error Value: White=0.45/Black=0.78} 1-0